000 00787nam a2200217Ii 4500
003 JO-AjNU
008 230605s9999||||xx |||||||||||||| ||und||
017 _a2013/4/1013
040 _aJO-AjNU
_bara
_erda
_cJO-AjNU
041 _aara
050 1 4 _aND2420 2013
100 3 _aالفالح، ندى,
_eauthor
_951841
245 0 0 _aمبادئ الرسم واللون: كيف تتعلمها وتعلمها
264 3 1 _aالقاهرة: وزارة الثقافة، 2013
300 _a330ص
336 _atext
_btxt
_2rdacontent
337 _aunmediated
_bn
_2rdamedia
338 _avolume
_bnc
_2rdacarrier
490 0 _aمكتبة الاسرة الاردنية / مهرجان القراءة للجميع
650 4 _aالرسم واللون - تعلم وتعليم -الفنون
_951842
999 _aA22929
_c26497
_d26497